Bilecik Bilecik Bilecik Bilecik Bilecik

Türkiye'de Yunan vahşet ve soy kırımı girişimi : (Record no. 12901)

MARC details
000 -BAŞLIK
Sabit Uzunluktaki Kontrol Alanı 01580nam a22003977a 4500
001 - KONTROL NUMARASI
Control Dosyası 0012934
003 - KONTROL NUMARASI KİMLİĞİ
Kontrol Alanı KOHA_MİRAKIL
005 - EN SON İŞLEM TARİHİ ve ZAMANI
Kontrol Alanı 20260207001903.0
007 - FİZİKSEL TANIM SABİT ALAN - GENEL BİLGİ
Sabit uzunluklu kontrol alanı ta
008 - SABİT UZUNLUKTAKİ VERİ ÖGELERİ - GENEL BİLGİ
Sabit Alan 100209b1994 tu |||gr||||#0|||0|tur |
020 ## - ISBN - ULUSLARARASI STANDART KİTAP NUMARASI
Isbn 9754090246
Kullanılabilirlik koşulları 0,01
040 ## - KATALOGLAMA KAYNAĞI
Özgün Kataloglama Kurumu TR-BiSEU
Kataloglama Dili tur
Çeviri Kurumu TR-BiSEU
Açıklama Kuralları rda
041 0# - DİL KODU
Metin ya da ses kaydının dil kodu tur
044 ## - YAYINLAYAN/ÜRETEN KURULUŞUN ÜLKE KODU
ISO country code tu
050 ## - SINIFLAMA ve YER NUMARASI
Sınıflama Numarası DR589
Yer Numarası .Y35 1994
100 1# - KİŞİ ADI
Yazar Adı (Kişi adı) Yalazan, Talat.
245 1# - ESER ADI BİLDİRİMİ
Başlık Türkiye'de Yunan vahşet ve soy kırımı girişimi :
Alt Eseradı vb. (15 Mayıs 1919-9 Eylül 1922)/
Sorumluluk Bildirimi Talat Yalazan ; Talat Yalazan.
264 #1 - ÜRERİM, YAYIN, DAĞITIM ve TELİF BİLDİRİMİ
Yayın yeri Ankara :
Yayınlayan Genelkurmay Askerî Tarih ve Stratejik Etüt Başkanlığı
Yayın tarihi 1994
300 ## - FİZİKSEL TANIMLAMA
Sayfa, Cilt vb. V.: resimli, harita; 24 cm.
336 ## - İÇERİK TÜRÜ
Content type term metin
Content type code txt
Source rdacontent
337 ## - MEDYA TÜRÜ
Media type term aracısız
Media type code n
Source rdamedia
338 ## - TAŞIYICI TÜRÜ
Carrier type term cilt
Carrier type code nc
Source rdacarrier
490 0# - DİZİ BİLDİRİMİ
Dizi Bildirimi Genelkurmay Askerî Tarih ve Stratejik Etüt Başkanlığı yayınları
500 ## - GENEL NOT
Genel Not "Genelkurmay Basımevi Yayın numarası: '94/15"--T.p. verso.
500 ## - GENEL NOT
Genel Not Documents in Ottoman Turkish and French.
500 ## - GENEL NOT
Genel Not Includes bibliographical references.
505 ## - İÇİNDEKİLER NOTU
İçindekiler Notu I. cilt 15 Mayıs 1919-13 Eylül 1922 --II. cilt 13 Eylül 1921- 9 Eylül 1922.
650 #0 - KONU BAŞLIĞI EK GİRİŞ - KONU TERİMİ
Konusal terim veya coğrafi ad World War, 1914-1918--Campaigns--Turkey.
9 (RLIN) 13544
650 #0 - KONU BAŞLIĞI EK GİRİŞ - KONU TERİMİ
Konusal terim veya coğrafi ad World War, 1914-1918--Participation, Greek.
9 (RLIN) 30214
650 #0 - KONU BAŞLIĞI EK GİRİŞ - KONU TERİMİ
Konusal terim veya coğrafi ad Greeks--Turkey--History.
9 (RLIN) 20312
650 #0 - KONU BAŞLIĞI EK GİRİŞ - KONU TERİMİ
Konusal terim veya coğrafi ad Turkey--History Revolution, 1918-1923.
9 (RLIN) 13054
650 #0 - KONU BAŞLIĞI EK GİRİŞ - KONU TERİMİ
Konusal terim veya coğrafi ad Turkey--History 1918-1960.
9 (RLIN) 20619
830 0# - SERİ EK GİRİŞİ - TEKBİÇİM ESER ADI
Tekbiçim Başlık Genelkurmay Askerî Tarih ve Stratejik Etüt Başkanlığı yayınları
9 (RLIN) 30215
907 ## - LOCAL DATA ELEMENT G, LDG (RLIN)
a Tarih
942 ## - EK GİRİŞ ÖGELERİ (KOHA)
Source of classification or shelving scheme Library of Congress Classification
Koha item type Book
Holdings
Materyal Türü Kalıcı Konum Mevcut Konum Raf Yeri Sınıflandırma Kaynağı Edinim Bilgisi Ana Konular Alt Konular Yer Numarası Cilt Bilgisi Demirbaş Numarası Fatura Tarihi Geri Çekilme Durumu Kayıp Durumu Hasarlı Durumu Kredi için değil Kayıt Tarih Toplam Ödünçverme Son Görülme Tarihi Son Kontrol Tarihi Genel / Bağış Notu
Book Prof. Dr. Azmi Özcan Kütüphanesi Prof. Dr. Azmi Özcan Kütüphanesi Uluğbey Salonu Library of Congress Classification Bağış DÜNYA TARİHİ (AVRUPA, ASYA, AFRİKA VB.) Balkan Yarımadası DR589 .Y35 1994 c.2 0012934 13/08/2010         09/02/2010   05/12/2024 05/12/2024 H.Osman Yıldırım